000 01220nam a2200325 i 4500
001 000005674
003 DO-SdBNP
005 20250613111630.0
007 ta
008 090821s1985 dr a 000 0 spa d
040 _aDO-SdBNP
_bspa
_cBNPHU
_erda
082 4 _a343.0929
_bR426L, 1985
_222
110 1 _aRepública Dominicana
_9447
240 1 0 _a[Leyes, etc.]
245 1 0 _aLeyes, reglamentos, resoluciones y decretos de la Corporación Dominicana de Electricidad.
246 1 3 _aGuía eléctrica de la ciudad de Santo Domingo
250 _aTercera edición aumentada, corregida y actualizada
264 1 _aSanto Domingo :
_bCDE,
_c1985.
300 _a84 p.áginas :
_bilustraciones ;
_c21 cm.
336 _atexto
_btxt
_2rdacontent
337 _asin mediación
_bn
_2rdamedia
338 _avolumen
_bnc
_2rdacarrier
500 _aAumentada , corregida y actualizada por el Centro de Documentación de la Corporación Dominicana de Electricidad
590 _aInventariado, 2018/VM
610 2 0 _aCorporación Dominicano de Electricidad
_916035
650 4 _aEmpresas eléctricas
_zRepública Dominicana
_97935
650 0 _aLegislación
_916036
910 _aValidado. Control de calidad MFF
942 _2ddc
_cLBS1
999 _c5472
_d5472